000 00309pab a2200121 454500
008 180718b xxu||||| |||| 00| 0 eng d
100 _aMitra, Soumya Kanti
245 _aEarth Summit: creating a market for future
650 _a Earth Summit
650 _aEnvironment
773 _aEconomic Times
909 _a21739
999 _c21739
_d21739